00790 a2200157 45000010006000000050017000060080041000230030015000640400040000790800070001192450034001892640075002233000019002985050296003171000019006133989220260407155655.0260407a1968 arg spa dAR-UNSa-BCEJYS aAR-UNSa-BCEJYSbspacAR-UNSa-BCEJYS a911.3xGeografía humana. Geografía de los factores culturales10aGeografía de la población 1aBuenos Aires :bEUDEBA (Editorial Universitaria de Buenos Aires)c1968 a124 p.c19 cm. aParte I: Distribución de la población : 1. Diversidad y desigual ocupación de la ecumene - 2. Población y desarrollo desigual - 3. Las formas de implementación de la población - Parte II: Perspectivas : 1. El crecimiento natural - 2. Las migraciones de población - Conclusión1 aGeorge, Pierre